The secrets of tantric Buddhism : (Record no. 102078)

MARC details
000 -LEADER
fixed length control field 01032nam a22002417a 4500
005 - DATE AND TIME OF LATEST TRANSACTION
control field 20170731142500.0
010 ## - LCCN (DPL NO)
LC control number 1617EN ENG-117212
020 ## - INTERNATIONAL STANDARD BOOK NUMBER
International Standard Book Number 9788184959055
Terms of availability 299.00
035 ## - SYSTEM CONTROL NUMBER
System control number B-649027-037
035 ## - SYSTEM CONTROL NUMBER
System control number EN-100744
035 ## - SYSTEM CONTROL NUMBER
System control number B-667293
037 ## - SOURCE OF ACQUISITION
Stock number dpl
Source of stock number/acquisition Aakar
037 ## - SOURCE OF ACQUISITION
Source of stock number/acquisition DBAD/PUB
082 ## - DEWEY DECIMAL CLASSIFICATION NUMBER
Classification number 250
100 ## - MAIN ENTRY--PERSONAL NAME
Personal name Cleary, Thomas
245 ## - TITLE STATEMENT
Title The secrets of tantric Buddhism :
Statement of responsibility, etc by Thomas Cleary
Remainder of title understanding the ecstasy of enlightenment /
260 ## - PUBLICATION, DISTRIBUTION, ETC. (IMPRINT)
Place of publication, distribution, etc Mumbai
Name of publisher, distributor, etc Jaico Publishing House
Date of publication, distribution, etc 2016
270 ## - ADDRESS
Address A-2 Jash Chambers, 7-A Sir Phirozshah Mehta Road,
City Mumbai
Postal code 400 001
300 ## - PHYSICAL DESCRIPTION
Extent 226p.
Dimensions 22cm(pbk)
942 ## - ADDED ENTRY ELEMENTS (KOHA)
Source of classification or shelving scheme Dewey Decimal Classification
Item type English Books
Call number suffix CLE
Classification part 250
Holdings
Withdrawn status Lost status Not for loan Collection code Home library Current library Date acquired Source of acquisition Cost, normal purchase price Full call number Barcode Copy number Cost, replacement price Koha item type
      Non-fiction Ashok Vihar Ashok Vihar 31/07/2017 BPPD/EN/2016-17/AV/16-17/451/15.2.2017/I-3323/1.3.2017/ 17.3.2017 299.00 250 CLE B-667293 1 299.00 English Books
      Non-fiction Central Jail Tihar Central Jail Tihar 14/02/2017 DBAD/PUB 299.00 250 CLE EN-100744 1 299.00 English Books
      Non-fiction Central Jail Tihar Central Jail Tihar 01/03/2017 BPPD/EN/2016-17/285/24.11.2016/I-2562/3.12.2016/2.1.2017 299.00 250 CLE B-649032 1 299.00 English Books
      Non-fiction Central Library Central Library 01/03/2017 BPPD/EN/2016-17/285/24.11.2016/I-2562/3.12.2016/2.1.2017 299.00 250 CLE B-649027 1 299.00 English Books
      Non-fiction Janak Puri Janak Puri 01/03/2017 BPPD/EN/2016-17/285/24.11.2016/I-2562/3.12.2016/2.1.2017 299.00 250 CLE B-649033 1 299.00 English Books
      Non-fiction Karol Bagh Karol Bagh 01/03/2017 BPPD/EN/2016-17/285/24.11.2016/I-2562/3.12.2016/2.1.2017 299.00 250 CLE B-649035 1 299.00 English Books
      Non-fiction Kasturba Gandhi Marg Kasturba Gandhi Marg 01/03/2017 BPPD/EN/2016-17/285/24.11.2016/I-2562/3.12.2016/2.1.2017 299.00 250 CLE B-649029 1 299.00 English Books
      Non-fiction Patel Nagar Patel Nagar 01/03/2017 BPPD/EN/2016-17/285/24.11.2016/I-2562/3.12.2016/2.1.2017 299.00 250 CLE B-649028 1 299.00 English Books
      Non-fiction Peshwa Road Peshwa Road 01/03/2017 BPPD/EN/2016-17/285/24.11.2016/I-2562/3.12.2016/2.1.2017 299.00 250 CLE B-649030 1 299.00 English Books
      Non-fiction Sarojini Nagar Sarojini Nagar 01/03/2017 BPPD/EN/2016-17/285/24.11.2016/I-2562/3.12.2016/2.1.2017 299.00 250 CLE B-649034 1 299.00 English Books
      Non-fiction Shahdara Branch Shahdara Branch 01/03/2017 BPPD/EN/2016-17/285/24.11.2016/I-2562/3.12.2016/2.1.2017 299.00 250 CLE B-649036 1 299.00 English Books
      Non-fiction Tri Nagar Tri Nagar 01/03/2017 BPPD/EN/2016-17/285/24.11.2016/I-2562/3.12.2016/2.1.2017 299.00 250 CLE B-649031 1 299.00 English Books
      Non-fiction Yojana Vihar Yojana Vihar 01/03/2017 BPPD/EN/2016-17/285/24.11.2016/I-2562/3.12.2016/2.1.2017 299.00 250 CLE B-649037 1 299.00 English Books

© Delhi Public Library
Hit Counter
free hit counter